<?xml version="1.0" encoding="UTF-8"?>
<record
    xmlns:xsi="http://www.w3.org/2001/XMLSchema-instance"
    xsi:schemaLocation="http://www.loc.gov/MARC21/slim http://www.loc.gov/standards/marcxml/schema/MARC21slim.xsd"
    xmlns="http://www.loc.gov/MARC21/slim">

  <leader>00760nam a22001577a 4500</leader>
  <controlfield tag="003">OSt</controlfield>
  <controlfield tag="005">20151120153657.0</controlfield>
  <controlfield tag="008">151120b        xxu||||| |||| 00| 0 eng d</controlfield>
  <datafield tag="040" ind1=" " ind2=" ">
    <subfield code="c">RUA </subfield>
  </datafield>
  <datafield tag="082" ind1=" " ind2=" ">
    <subfield code="a">FIS &#x1782;&#x1784;&#x17CB; 1995 B159 Or.1</subfield>
  </datafield>
  <datafield tag="100" ind1=" " ind2=" ">
    <subfield code="9">3969</subfield>
    <subfield code="a">&#x1782;&#x1784;&#x17CB; &#x1787;&#x17B6;</subfield>
  </datafield>
  <datafield tag="245" ind1=" " ind2=" ">
    <subfield code="a">A comparative study of pond based and pond rice field based fish culture systems in romeas hek district svay rieng province,  &#x179F;&#x17B7;&#x1780;&#x17D2;&#x179F;&#x17B6;&#x1794;&#x17D2;&#x179A;&#x17C0;&#x1794;&#x1792;&#x17C0;&#x1794;&#x1794;&#x17D2;&#x179A;&#x1796;&#x17D0;&#x1793;&#x17D2;&#x1792;&#x1785;&#x17B7;&#x1789;&#x17D2;&#x1785;&#x17B9;&#x1798;&#x178F;&#x17D2;&#x179A;&#x17B8;&#x1780;&#x17D2;&#x1793;&#x17BB;&#x1784;&#x179F;&#x17D2;&#x179A;&#x17C7; &#x1793;&#x17B7;&#x1784;&#x179F;&#x17D2;&#x179A;&#x17C7;&#x1797;&#x17D2;&#x1785;&#x17B6;&#x1794;&#x17CB;&#x179F;&#x17D2;&#x179A;&#x17C2; &#x1793;&#x17C5;&#x179F;&#x17D2;&#x179A;&#x17BB;&#x1780;&#x179A;&#x1798;&#x17B6;&#x179F;&#x17A0;&#x17C2;&#x1780; &#x1781;&#x17C1;&#x178F;&#x17D2;&#x178F;&#x179F;&#x17D2;&#x179C;&#x17B6;&#x1799;&#x179A;&#x17C0;&#x1784;,</subfield>
  </datafield>
  <datafield tag="260" ind1=" " ind2=" ">
    <subfield code="a">Phnom Penh </subfield>
    <subfield code="b">RUA </subfield>
    <subfield code="c">1995</subfield>
  </datafield>
  <datafield tag="300" ind1=" " ind2=" ">
    <subfield code="a">109.</subfield>
    <subfield code="b">ill.</subfield>
    <subfield code="c">29cm.</subfield>
  </datafield>
  <datafield tag="942" ind1=" " ind2=" ">
    <subfield code="2">ddc</subfield>
    <subfield code="c">FIS</subfield>
  </datafield>
  <datafield tag="999" ind1=" " ind2=" ">
    <subfield code="c">3690</subfield>
    <subfield code="d">3690</subfield>
  </datafield>
  <datafield tag="952" ind1=" " ind2=" ">
    <subfield code="0">0</subfield>
    <subfield code="1">0</subfield>
    <subfield code="2">ddc</subfield>
    <subfield code="4">0</subfield>
    <subfield code="6">FIS_&#x1782;&#x1784;_1995_000000000000000_B159_OR_1</subfield>
    <subfield code="7">0</subfield>
    <subfield code="9">18304</subfield>
    <subfield code="a">LBB</subfield>
    <subfield code="b">LBB</subfield>
    <subfield code="c">B159</subfield>
    <subfield code="d">2015-11-20</subfield>
    <subfield code="o">FIS &#x1782;&#x1784;&#x17CB; 1995 B159 Or.1</subfield>
    <subfield code="p">RUA036699</subfield>
    <subfield code="r">2015-11-20</subfield>
    <subfield code="w">2015-11-20</subfield>
    <subfield code="y">FIS</subfield>
  </datafield>
  <datafield tag="952" ind1=" " ind2=" ">
    <subfield code="0">0</subfield>
    <subfield code="1">0</subfield>
    <subfield code="2">ddc</subfield>
    <subfield code="4">0</subfield>
    <subfield code="6">FIS_&#x1782;&#x1784;_1995_000000000000000_B159_OR_2</subfield>
    <subfield code="7">0</subfield>
    <subfield code="9">18305</subfield>
    <subfield code="a">LBB</subfield>
    <subfield code="b">LBB</subfield>
    <subfield code="c">B159</subfield>
    <subfield code="d">2015-11-20</subfield>
    <subfield code="o">FIS &#x1782;&#x1784;&#x17CB; 1995 B159 Or.2</subfield>
    <subfield code="p">RUA011762</subfield>
    <subfield code="r">2015-11-20</subfield>
    <subfield code="w">2015-11-20</subfield>
    <subfield code="y">FIS</subfield>
  </datafield>
  <datafield tag="952" ind1=" " ind2=" ">
    <subfield code="0">0</subfield>
    <subfield code="1">0</subfield>
    <subfield code="2">ddc</subfield>
    <subfield code="4">0</subfield>
    <subfield code="6">FIS_&#x1782;&#x1784;_1995_000000000000000_B159_OR_3</subfield>
    <subfield code="7">0</subfield>
    <subfield code="9">18306</subfield>
    <subfield code="a">LBB</subfield>
    <subfield code="b">LBB</subfield>
    <subfield code="c">B159</subfield>
    <subfield code="d">2015-11-20</subfield>
    <subfield code="o">FIS &#x1782;&#x1784;&#x17CB; 1995 B159 Or.3</subfield>
    <subfield code="p">RUA011046</subfield>
    <subfield code="r">2015-11-20</subfield>
    <subfield code="w">2015-11-20</subfield>
    <subfield code="y">FIS</subfield>
  </datafield>
  <datafield tag="952" ind1=" " ind2=" ">
    <subfield code="0">0</subfield>
    <subfield code="1">0</subfield>
    <subfield code="2">ddc</subfield>
    <subfield code="4">0</subfield>
    <subfield code="6">FIS_&#x1782;&#x1784;_1995_000000000000000_B159_OR_4</subfield>
    <subfield code="7">0</subfield>
    <subfield code="9">18307</subfield>
    <subfield code="a">LBB</subfield>
    <subfield code="b">LBB</subfield>
    <subfield code="c">B159</subfield>
    <subfield code="d">2015-11-20</subfield>
    <subfield code="o">FIS &#x1782;&#x1784;&#x17CB; 1995 B159 Or.4</subfield>
    <subfield code="p">RUA010158</subfield>
    <subfield code="r">2015-11-20</subfield>
    <subfield code="w">2015-11-20</subfield>
    <subfield code="y">FIS</subfield>
  </datafield>
  <datafield tag="952" ind1=" " ind2=" ">
    <subfield code="0">0</subfield>
    <subfield code="1">0</subfield>
    <subfield code="2">ddc</subfield>
    <subfield code="4">0</subfield>
    <subfield code="6">FIS_&#x1782;&#x1784;_1995_000000000000000_B159_OR_5</subfield>
    <subfield code="7">0</subfield>
    <subfield code="9">18308</subfield>
    <subfield code="a">LBB</subfield>
    <subfield code="b">LBB</subfield>
    <subfield code="c">B159</subfield>
    <subfield code="d">2015-11-20</subfield>
    <subfield code="l">1</subfield>
    <subfield code="o">FIS &#x1782;&#x1784;&#x17CB; 1995 B159 Or.5</subfield>
    <subfield code="p">RUA011262</subfield>
    <subfield code="r">2017-01-18</subfield>
    <subfield code="s">2016-12-13</subfield>
    <subfield code="w">2015-11-20</subfield>
    <subfield code="y">FIS</subfield>
  </datafield>
  <datafield tag="952" ind1=" " ind2=" ">
    <subfield code="0">0</subfield>
    <subfield code="1">0</subfield>
    <subfield code="2">ddc</subfield>
    <subfield code="4">0</subfield>
    <subfield code="6">FIS_&#x1782;&#x1784;_1995_000000000000000_B159_OR_6</subfield>
    <subfield code="7">0</subfield>
    <subfield code="9">18309</subfield>
    <subfield code="a">LBB</subfield>
    <subfield code="b">LBB</subfield>
    <subfield code="c">B159</subfield>
    <subfield code="d">2015-11-20</subfield>
    <subfield code="o">FIS &#x1782;&#x1784;&#x17CB; 1995 B159 Or.6</subfield>
    <subfield code="p">RUA011829</subfield>
    <subfield code="r">2015-11-20</subfield>
    <subfield code="w">2015-11-20</subfield>
    <subfield code="y">FIS</subfield>
  </datafield>
  <datafield tag="952" ind1=" " ind2=" ">
    <subfield code="0">0</subfield>
    <subfield code="1">0</subfield>
    <subfield code="2">ddc</subfield>
    <subfield code="4">0</subfield>
    <subfield code="6">FIS_&#x1782;&#x1784;_1995_000000000000000_B159_OR_7</subfield>
    <subfield code="7">0</subfield>
    <subfield code="9">18310</subfield>
    <subfield code="a">LBB</subfield>
    <subfield code="b">LBB</subfield>
    <subfield code="c">B159</subfield>
    <subfield code="d">2015-11-20</subfield>
    <subfield code="o">FIS &#x1782;&#x1784;&#x17CB; 1995 B159 Or.7</subfield>
    <subfield code="p">RUA011492</subfield>
    <subfield code="r">2015-11-20</subfield>
    <subfield code="w">2015-11-20</subfield>
    <subfield code="y">FIS</subfield>
  </datafield>
  <datafield tag="952" ind1=" " ind2=" ">
    <subfield code="0">0</subfield>
    <subfield code="1">0</subfield>
    <subfield code="2">ddc</subfield>
    <subfield code="4">0</subfield>
    <subfield code="6">FIS_&#x1782;&#x1784;_1995_000000000000000_B159_OR_8</subfield>
    <subfield code="7">0</subfield>
    <subfield code="9">18311</subfield>
    <subfield code="a">LBB</subfield>
    <subfield code="b">LBB</subfield>
    <subfield code="c">B159</subfield>
    <subfield code="d">2015-11-20</subfield>
    <subfield code="o">FIS &#x1782;&#x1784;&#x17CB; 1995 B159 Or.8</subfield>
    <subfield code="p">RUA011406</subfield>
    <subfield code="r">2015-11-20</subfield>
    <subfield code="w">2015-11-20</subfield>
    <subfield code="y">FIS</subfield>
  </datafield>
  <datafield tag="952" ind1=" " ind2=" ">
    <subfield code="0">0</subfield>
    <subfield code="1">0</subfield>
    <subfield code="2">ddc</subfield>
    <subfield code="4">0</subfield>
    <subfield code="6">FIS_&#x1782;&#x1784;_1995_000000000000000_B159_OR_9</subfield>
    <subfield code="7">0</subfield>
    <subfield code="9">18312</subfield>
    <subfield code="a">LBB</subfield>
    <subfield code="b">LBB</subfield>
    <subfield code="c">B159</subfield>
    <subfield code="d">2015-11-20</subfield>
    <subfield code="o">FIS &#x1782;&#x1784;&#x17CB; 1995 B159 Or.9</subfield>
    <subfield code="p">RUA011334</subfield>
    <subfield code="r">2015-11-20</subfield>
    <subfield code="w">2015-11-20</subfield>
    <subfield code="y">FIS</subfield>
  </datafield>
</record>
